La tragedia de una vida / (Record no. 130189)

MARC details
000 -LEADER
campo de control de longitud fija 00670nam a2200217 i 4500
001 - NÚMERO DE CONTROL
campo de control 130189
003 - IDENTIFICADOR DE NÚMERO DE CONTROL
campo de control ES-MaACL
005 - FECHA Y HORA DE LA ÚLTIMA TRANSACCIÓN
campo de control 20251002204722.0
007 - CAMPO FIJO DE DESCRIPCIÓN FÍSICA--INFORMACIÓN GENERAL
campo de control de longitud fija t|
008 - DATOS DE LONGITUD FIJA--INFORMACIÓN GENERAL
campo de control de longitud fija 070723s1970 sp |||| | spa d
100 1# - ENTRADA PRINCIPAL--NOMBRE DE PERSONA
Nombre de persona Zweig, Stefan,
Fechas asociadas al nombre 1881-1942
9 (RLIN) 118562
245 13 - MENCIÓN DEL TÍTULO
Título La tragedia de una vida /
Mención de responsabilidad, etc. Stefan Zweig ; [traducción de Editorial Juventud].
250 ## - MENCION DE EDICION
Mención de edición 1ª ed.
260 ## - PUBLICACIÓN, DISTRIBUCIÓN, ETC.
Lugar de publicación, distribución, etc. Barcelona :
Nombre del editor, distribuidor, etc. Juventud,
Fecha de publicación, distribución, etc. 1970.
300 ## - DESCRIPCIÓN FÍSICA
Extensión 176 p. ;
Dimensiones 22 cm.
600 14 - PUNTO DE ACCESO ADICIONAL DE MATERIA--NOMBRE DE PERSONA
Nombre de persona Verhaeren, Emile,
Fechas asociadas al nombre 1855-1916
9 (RLIN) 114123
600 14 - PUNTO DE ACCESO ADICIONAL DE MATERIA--NOMBRE DE PERSONA
Nombre de persona Desbordes-Valmore, Marceline.
9 (RLIN) 43831
710 2# - ENTRADA AGREGADA--NOMBRE DE ENTIDAD CORPORATIVA
Nombre de entidad corporativa o nombre de jurisdicción como elemento de entrada Editorial Juventud.
9 (RLIN) 3443
852 ## - LOCALIZACIÓN
Ubicación ES-MaACL
Número de control de estantería C-44193
Holdings
Estatus retirado Estado de pérdida Estado de daño No para préstamo Biblioteca de origen Biblioteca actual Ubicación en estantería Fecha de adquisición Fuente de adquisición Total de préstamos Signatura topográfica completa Código de barras Visto por última vez Precio de reemplazo Tipo de ítem Koha
        Biblioteca del Ateneo de Madrid Biblioteca del Ateneo de Madrid Depósito 2 17/01/2008     C-44193 1135558 23/02/2023 23/02/2023 Libro impreso